Advances in Surface Engineering Volume II. Process Technology
Salvato in:
| Autore principale: | |
|---|---|
| Altri autori: | |
| Natura: | Libro |
| Lingua: | inglese |
| Pubblicazione: |
Cambridge
The royal Society of Chemistry
1997
|
| Edizione: | 1. vyd. |
| Accesso online: | Visualizza in OPAC |
| Tags: |
Nessun Tag, puoi essere il primo ad aggiungerne!!
|
MARC
| LEADER | 00000nam a2200000 a 4500 | ||
|---|---|---|---|
| 005 | 20260127134226.0 | ||
| 008 | 050309 1997 enk 000 0 eng d | ||
| 020 | |a 0854047522 | ||
| 035 | |a vtls001518684 | ||
| 039 | 9 | |a 200503091324 |b mschk03 |y 200503091323 |z mschk03 | |
| 040 | |a STUSCHK1 |b slo |c STUSCHK1 |e AACR2 | ||
| 100 | 1 | |a Datta, P.K. | |
| 245 | 1 | |a Advances in Surface Engineering |b Volume II. Process Technology | |
| 250 | |a 1. vyd. | ||
| 260 | |a Cambridge |b The royal Society of Chemistry |c 1997 | ||
| 300 | |a 336 s. | ||
| 700 | 1 | |a Burnell-Gray, J.S. | |
| 910 | |a SCHK95 | ||
| 919 | |a 0-85404-752-2 | ||
| 999 | |c 7177 |d 7177 | ||